| 000 | nam a22 a 4500 | ||
|---|---|---|---|
| 999 |
_c3872 _d3872 |
||
| 003 | AKMAL | ||
| 005 | 20170524114338.0 | ||
| 008 | 170524s1994 my 00 may d | ||
| 020 |
_a9676104094 (kkt.): _cRM 20.90 |
||
| 040 | _aAKMAL | ||
| 082 | 0 | 4 | _a070.44 ZAI |
| 090 | 0 | 0 |
_a070.44 _bZAM |
| 100 | 0 |
_aZainuddin Maidin _9102 |
|
| 245 | 1 | 0 |
_aYang terbaik daripada Awang Selamat : _bkoleksi pilihan 1987-1992 / _cZainuddin Maidin |
| 260 |
_aKuala Lumpur : _bUtusan Publications & Distributors , _c1994 |
||
| 300 |
_axii, 524ms. : _b; _c18cm |
||
| 521 | _aperingkat pembaca: Dewasa | ||
| 650 |
_aMalay essays _97507 |
||
| 650 |
_aMalay literature _xHistory and criticism _95709 |
||
| 650 |
_aLiterature _xHistory and criticism _97650 |
||
| 700 | 0 |
_aZainuddin Maidin _9102 |
|
| 942 |
_2ddc _cBOOK |
||